Africa: Most Populated Countries Map Quiz - Statistics

General Stats
  • This quiz has been taken 55 times
  • The average score is 9 of 10
Answers on the Map
Answers color-coded by a green-red scale on the quiz's map according to % correct below.
 
Answer Stats
Population Answer % Correct
118,808,531 Egypt
100%
238,771,975 Nigeria
100%
64,931,050 South Africa
100%
113,748,162 Democratic Republic of the Congo
98%
136,342,784 Ethiopia
96%
52,076,497 Sudan
94%
47,589,991 Algeria
92%
57,813,429 Kenya
92%
71,057,871 Tanzania
88%
51,735,258 Uganda
77%
No matching quizzes found
Score Distribution
Percent of People with Each Score
Percentile by Number Answered
Your Score History
You have not taken this quiz